La vida de Lazarillo de Tormes y de sus fortunas y adversidades /

Bibliographic Details
Uniform Title:Lazarillo de Tormes.
Corporate Author: Castro, Carmen
Format: Book
Language:Spanish
Published: Madrid : Taurus, 1984.
Series:Temas de España ; 27.

MARC

Tag First Indicator Second Indicator Subfields
LEADER 00000cam a2200000 a 4500
001 in00000018784
005 20151007054049.0
008 880719s1984 sp b 00001 spa d
020 |a 8430640274 
035 |a (OCoLC)18236210 
035 |9 AAB3859AM 
040 |a TXA  |c TXA  |d UtOrBLW 
049 |a TXAM  |c [A08333404] 
050 4 |a PQ6407  |b .A1 1984 
130 0 |a Lazarillo de Tormes. 
245 1 3 |a La vida de Lazarillo de Tormes y de sus fortunas y adversidades /  |c edición y notas de Carmen Castro. 
264 1 |a Madrid :  |b Taurus,  |c 1984. 
300 |a 123 pages ;  |c 19 cm. 
336 |a text  |b txt  |2 rdacontent 
337 |a unmediated  |b n  |2 rdamedia 
338 |a volume  |b nc  |2 rdacarrier 
490 1 |a Temas de España ;  |v 27 
500 |a "Décimocuarto reimpresión"--Title page verso. 
504 |a Includes bibliographical references. 
710 1 |a Castro, Carmen. 
830 0 |a Temas de España ;  |v 27. 
999 |a MARS 
999 f f |s 26fbcd50-9080-326b-b915-cb47444d6286  |i f36bb00c-ff4a-35c0-add0-1d74fe7f270a  |t 0 
952 f f |p normal  |a Texas A&M University  |b College Station  |c Sterling C. Evans Library  |d Evans: Library Stacks  |t 0  |e PQ6407 .A1 1984  |h Library of Congress classification  |i unmediated -- volume  |m A14808333404 
998 f f |a PQ6407 .A1 1984  |t 0  |l Evans: Library Stacks